00626 2200217 4500001002100000005001700021008004100038035002600079245002400105100002400129250000600153260006100159300002300220020002200243082000800265084001000273520002800283650006100311990001800372990001800390INLIS00000000000416720191230034015.0191230| ||| | ind  a 0010-12190000000416700cTriana Setyawardani0 aTriana Setyawardani a1 aPenebar Swadya : JakartabPenebar Swadya : Jakartac2017 a76 hlm. ;c76 hlm. a978-979-002-748-00 a600 a, 637 aHIBAH PERPUSNAS RI 2018 0aMembuat keju,dan yoghurt dan kefir dari susu kambing 637 aB201901129924 aB201901129998